000 01129naa a22002897a 4500
001 BR9404370
003 BR-BrBNA
005 20240918181233.0
007 ta
008 230509b bl.||||| |||| 00| 0 por d
040 _aBR-BrBNA
_bpor
_cBiblioteca Nacional de Agricultura
041 _a(Pt)
072 _aN20
_b4520
090 _aN20 BR9404370
100 1 _aGazziero, D.L.P.
100 1 _aMesquita, C. de M.
100 1 _aKurachi, S.
100 1 _aVoll, E.
111 1 _a1. Encontro Latino Americano sobre Plantio Direto na Pequena Propriedade
_cPonta Grossa, PR (Brazil)
_d22-26 Nov 1993
245 1 _aPrototipo de um cultivador para o sistema de semeadura direta
260 3 _aLondrina, PR (Brasil):
_c1993.
500 _a1. Encontro Latino Americano sobre Plantio Direto na Pequena Propriedade. Anais Londrina, PR (Brasil): 1993. p. 259-264 (BR9404370-AM)N20
650 _aCultivador Mecanico
773 0 _t1. Encontro Latino Americano sobre Plantio Direto na Pequena Propriedade. Anais
_wN20 BR9404370
_gLondrina, PR (Brasil), 1993. p. 259-264
909 _a202404
_bLucia
_c55
_dLucia Elande
942 _cAM
_2AGRIS
999 _c324277
_d324277